1796 1411 1368 1033 1768 1339 1637 1621 1399 1053 1710 1025 1017 1884 1541 1988 1827 1127 1954 1398 1395 1509 1478 1823 1035 1658 1582 1650 1499 1996 1562 1376 1382 1583 1666 1056 1718 1091 1696 1073 1790 1477 1414 1971 1660 1953 1949 1611 1834 1667 1173 1559 1290 1087 1565 1718 1893 1725 1321 1219 1661 1203 1501 1941 1007 1833 1332 1073 1042 1608 1322 1962 1520 1521 1382 1823 1912 1654 1842 1747 1202 1030 1973 1156 1265 1623 1090 1802 1271 1452 1063 1697 1301 1388 1945 1993 1716 1681 1126 BCNSPRNW ULIB Ver.6.0+V

เปลี่ยนเป็นภาษาไทย

Change to English
 แสดงรายละเอียดบรรณานุกรม
  กลับหน้าหลัก

Brief Record : Get Marc (ISO 2709) : E-mail record : QR code < ปิดหน้าต่าง
LEADER : 00000nam 2200000uu 4500
001    13399125457
003     ULIB
008    170609s2559||||th 000 0 tha d
020    ^a9786162712999
060    ^aWO100 พ824ศ
100    ^aพุฒิศักดิ์ พุทธวิบูลย์ และศักดิ์ชาย เรืองสิน
245    ^aศัลย์เสวนา (Surgical Forum Vol 2) : Best Surgical Practices and Management of Complications
250    ^aพิมพ์ครั้งที่ 1
260    ^aสงขลา :^bภาควิชาศัลยศาสตร์ คณะแพทยศาสตร์ มหาวิทยาลัยสงขลานครินทร์,^c2559
300    ^a214 หน้า^bภาพประกอบ
650    ^aศัลยศาสตร์^xรวมเรื่อง
650    ^aศัลยกรรม^xรวมเรื่อง
945    ^p480^l0^i25103
999    ^aกัณชพร
รายการนี้ยังไม่มีแท็ก
คุณยังไม่ได้ล็อกอิน คุณสามารถมีกิจกรรมร่วมกับเว็บไซต์ได้ แต่ต้องล็อกอินก่อน ::
  ล็อกอิน

รายการสื่อสารสนเทศ

ลำดับที่ ประเภท เลขเรียก/บาร์โค้ด สถานที่ สถานะ
1. หนังสือสำรอง
หนังสือสำรอง
WO100 พ824ศ ฉ.1 
  Barcode: 25103
ห้องสมุดวิทยาเขตนครสวรรค์
►หนังสือทั่วไป:l:General Books
บนชั้น

รายการใกล้เคียง
    ชื่อเรื่อง [ศัลย์เสวนา (Surgical Forum Vol 2) : Best Surgical Practices and Management of Complications]

    ผู้แต่ง [พุฒิศักดิ์ พุทธวิบูลย์ และศักดิ์ชาย เรืองสิน]

    หัวเรื่อง [ศัลยศาสตร์ รวมเรื่อง]

BibComment


ยังไม่เคยถูกคอมเมนท์

คอมเมนท์ทรัพยากรรายการนี้
  คอมเมนท์: ศัลย์เสวนา Surgi..


 Copyright 2026. Bcnsprnw @Library